US Geography Quiz 3 - Statistics

General Stats
  • This quiz has been taken 13 times
  • The average score is 7 of 15
Answer Stats
Question Answer % Correct
The San Juan Islands are known for their sizable orca populations. These islands are in which state? Washington
92%
Petrified Forest National Park is located in which state? Arizona
75%
Chicago is to Michigan as Cleveland is to ____ Erie
75%
Most states have counties, but Louisiana has ________ Parishes
67%
What is the state nickname of Ohio? The Buckeye State
67%
Twin Falls is located along the Snake River in which state? Idaho
58%
In which East Coast bay does the Susquehanna River drain into? Chesapeake Bay
50%
In which Ohio city would you find the National Museum of the United States Air Force? Dayton
33%
Mount Mitchell is the tallest mountain in which state? North Carolina
33%
Door County, known for its cherry production, is located in which state? Wisconsin
33%
Which Alaskan city changed its name to Utqiagvik in 2016? Barrow
25%
Texas is to Lone Star as Iowa is to _______ Hawkeye
25%
What is the name of the mountain range to the east of Salt Lake City? Wasatch Range
25%
Everglades, Biscayne, and ___ ________ National Parks are the three national parks in Florida. Dry Tortugas
8%
In which city is American Airlines based in? Fort Worth
8%
No matching quizzes found
Score Distribution
Percent of People with Each Score
Percentile by Number Answered
Your Score History
You have not taken this quiz